| 000 | 01152nam a2200349 4500 | ||
|---|---|---|---|
| 005 | 20250403192944.0 | ||
| 008 | 250402b2023 |||||||| |||| 00| 0 spa d | ||
| 020 | _a9789585036659 | ||
| 041 | _aESP | ||
| 082 | _a658.401.3 AR674s | ||
| 100 |
_aArciniegas Ortiz, Jaime Alfonso _955980 |
||
| 245 | _aSistemas integrados de gestión: bajo las normas ISO | ||
| 260 | _aColombia | ||
| 260 | _bEcoe Ediciones | ||
| 260 | _c2023 | ||
| 300 | _a253 páginas | ||
| 650 | _aCONTROL Y MANEJO DE LA CALIDAD | ||
| 650 | _aNORMALIZACIÓN EMPRESARIAL | ||
| 650 | _aNORMAS ISO | ||
| 650 | _aSISTEMAS DE GESTIÓN | ||
| 650 | _aPLANIFICACIÓN ESTRÁTEGICA | ||
| 650 | _aADMINISTRACIÓN DE EMPRESAS | ||
| 650 | _aSISTEMAS INTEGRADOS DE GESTIÓN EMPRESARIAL | ||
| 650 | _aMANUAL DE SISTEMAS INTEGRADOS DE GESTIÓN | ||
| 650 | _aSISTEMA DE GESTIÓN DOCUMENTAL | ||
| 650 | _aSISTEMA DE GESTIÓN DE CALIDAD | ||
| 650 | _aSISTEMA DE GESTIÓN MEDIOAMBIENTAL | ||
| 650 | _aSISTEMAS DE GESTIÓN DE SEGURIDAD Y SALUD EN EL TRABAJO | ||
| 650 | _aAUDITORÍAS EN EL TRABAJO | ||
| 650 | _aGESTIÓN DE LA RESPONSABILIDAD EMPRESARIAL | ||
| 942 |
_2ddc _cBK |
||
| 999 |
_c13703 _d13703 |
||